| 000 | 005470000a22001570004500 | ||
|---|---|---|---|
| 090 |
_aAR _b04294 |
||
| 245 | 1 | 0 | _aPhylogeny of sea skaters, Halobates Eschscholtz (Hemiptera, Gerridae), based on mtDNA sequence and morphology |
| 041 | 0 | _aInglés | |
| 500 | _a<Literatura de escarabajos coprófagos> | ||
| 700 | 1 |
_aMoller Andersen, Nils _998149 |
|
| 700 | 1 |
_aCheng, Lanna _992590 |
|
| 700 | 1 |
_aSperling, Felix A. H. _998175 |
|
| 100 | 1 |
_aDamgaard, Jakob _998176 |
|
| 942 | _cARTICULO | ||
| 773 | 1 |
_tZoological Journal of the Linnean _h130 _q511-526 _d2000 |
|
| 999 |
_c13391 _d13391 |
||